| 000 | 00631 a2200241 4500 | ||
|---|---|---|---|
| 001 | 24391 | ||
| 999 |
_c24391 _d10915 |
||
| 003 | TR-AnTOB | ||
| 005 | 20220517100352.0 | ||
| 008 | 050822s2000 tu 00000 tur | ||
| 020 | _a9755125027 | ||
| 040 | _aETU | ||
| 041 | _atur | ||
| 050 | 0 |
_aDS51.D482000 _bÇELd |
|
| 090 | _aDS51.D48 2000 ÇELd | ||
| 100 |
_aÇelikdönmez, Ömür _918773 |
||
| 245 | 0 |
_aDevrek tarihi / _cÖmür Çelikdönmez. |
|
| 264 | 1 |
_aDevrek : _bDevrek Ticaret ve Sanayi Odası, _c2000. |
|
| 300 |
_a170s. _bres. ; _c30cm. |
||
| 500 | _aDizin | ||
| 651 | 0 |
_aDevrek (Zonguldak İli, Türkiye) _xTarih _918774 |
|
| 902 | _a0012528 | ||
| 942 | _cBK | ||